000 00796nam a2200205 a 4500
008 081120s2006 ||||||||||||||||| || u
050 _aTK 5105.8885 Mic
110 _aMicrosoft Corporation
245 1 0 _aCore data access with Microsoft Visual Studio 2005: resource toolkit.
_cMicrosoft Corporation
260 _aOntario
_bMicrosoft Corporation
_c2006
300 _aviii, 269p.
350 _a0.00
500 _aWorkshop: 2541B
650 _aMICROSOFT VISUAL STUDIO
650 _aWEB DATABASES
650 _aCOMPUTING
650 _aWEB SITE DEVELOPMENT--COMPUTER PROGRAMS
856 _uhttp://microsoft.com
995 _D85000.00
_FCBU-MAIN LIBRARY (Kitwe)
_H1
_I0.00
_M1
_UAVAILABLE
_WNov 20, 2008
_ZMain Library Open Access Collection
999 _c38840
_d38840